000 00458nam a22001697a 4500
003 OSt
008 250403b |||||||| |||| 00| 0 eng d
020 _a9789353500931
082 _a004.67 DUI
100 _aDUBEY, Rahul
245 _aIntroduction to Internet of Things : Connecting Devices Edge Gateway & Cloud With Applications
250 _aIst. ed.,
260 _aIndia,
_bCengage,
_c2019,
300 _a427 p.
650 _aEnglish
942 _2ddc
_cBK
999 _c13229
_d13229